[Event "AUT-chT (Women) 2324"]
[Site "Austria"]
[Date "2023.11.26"]
[Round "3.4"]
[White "Vujnovic, Patricija"]
[Black "Kurapova, Olga"]
[Result "1/2-1/2"]
[WhiteElo "2068"]
[BlackElo "1964"]
[PlyCount "185"]
[EventDate "2023.11.24"]
[EventType "team-tourn"]
[EventRounds "9"]
[EventCountry "AUT"]
[SourceTitle "CB48_2023"]
[SourceDate "2023.11.29"]
[SourceVersion "1"]
[SourceVersionDate "2023.11.29"]
[SourceQuality "1"]
[WhiteTeam "Wulkaprodersdorf (W)"]
[BlackTeam "Dornbirn (W)"]
[WhiteTeamCountry "AUT"]
[BlackTeamCountry "AUT"]

1. d4 d5 2. Bf4 e6 3. e3 Nf6 4. Nd2 Bd6 5. Bg3 b6 6. Ngf3 0-0 7. Bd3 c5 8. c3 Ba6 9. Bxa6 Nxa6 10. Ne5 Nb8 11. 0-0 Qc7 12. Qe2 Nfd7 13. e4 Nxe5 14. dxe5 Bxe5 15. f4 Bd6 16. e5 Be7 17. f5 exf5 18. Rxf5 Qd7 19. Rf2 Nc6 20. Rd1 Rad8 21. Nf3 Qe6 22. Qc2 d4 23. c4 Nb4 24. Qa4 Rd7 25. a3 Qc6 26. Qb3 Na6 27. Re2 Qe6 28. Qa4 Nb8 29. Ne1 Bg5 30. Nd3 Be3+ 31. Bf2 Bxf2+ 32. Rxf2 Re7 33. Re1 Qc6 34. Qc2 Nd7 35. Rfe2 Rfe8 36. Re4 Nf8 37. Nf4 Ng6 38. e6 Nxf4 39. exf7+ Kxf7 40. Rxf4+ Kg8 41. Rxe7 Rxe7 42. Qf5 Qe8 43. Qd5+ Kh8 44. h4 h6 45. b4 Re5 46. Qd6 Re1+ 47. Kh2 Qe5 48. bxc5 bxc5 49. Qf8+ Kh7 50. Qf5+ Qxf5 51. Rxf5 d3 52. Rd5 Re4 53. Kg3 d2 54. Rxd2 Rxc4 55. Rd7 Rc3+ 56. Kg4 Rxa3 57. Rc7 Ra4+ 58. Kg3 c4 59. h5 Ra3+ 60. Kf4 c3 61. g4 a5 62. Rc5 Rb3 63. Rxa5 Rb4+ 64. Kf3 Rc4 65. Ra1 c2 66. Rc1 Kg8 67. Ke3 Kf7 68. Kd3 Rxg4 69. Rxc2 Kf6 70. Ke3 Kg5 71. Rh2 Rh4 72. Rg2+ Kf6 73. Rf2+ Ke5 74. Rg2 Rh3+ 75. Ke2 Kf6 76. Rf2+ Ke6 77. Rg2 Rxh5 78. Rxg7 Kf6 79. Rg8 Kf7 80. Rh8 Kg7 81. Ra8 Rf5 82. Ra3 Kg6 83. Rf3 Ra5 84. Kf2 Ra4 85. Kg3 Kg5 86. Rb3 Ra5 87. Rc3 h5 88. Rb3 Rf5 89. Ra3 h4+ 90. Kh3 Rf1 91. Ra5+ Kf4 92. Ra4+ Kf3 93. Kxh4 1/2-1/2

[Event "AUT-chT (Women) 2324"]
[Site "Austria"]
[Date "2023.11.24"]
[Round "1.4"]
[White "Stangl, Anita"]
[Black "Vujnovic, Patricija"]
[Result "1/2-1/2"]
[WhiteElo "2037"]
[BlackElo "2068"]
[PlyCount "63"]
[EventDate "2023.11.24"]
[EventType "team-tourn"]
[EventRounds "9"]
[EventCountry "AUT"]
[SourceTitle "CB48_2023"]
[SourceDate "2023.11.29"]
[SourceVersion "1"]
[SourceVersionDate "2023.11.29"]
[SourceQuality "1"]
[WhiteTeam "Schach ohne Grenzen (W)"]
[BlackTeam "Wulkaprodersdorf (W)"]
[WhiteTeamCountry "AUT"]
[BlackTeamCountry "AUT"]

1. e4 c6 2. d4 d5 3. e5 c5 4. c3 Nc6 5. Bb5 e6 6. Nf3 Bd7 7. a4 a6 8. Bxc6 Bxc6 9. 0-0 Nh6 10. Bxh6 gxh6 11. dxc5 Bxc5 12. Qd2 d4 13. Nxd4 Bxd4 14. cxd4 Qd5 15. f3 0-0-0 16. Nc3 Qxd4+ 17. Qxd4 Rxd4 18. Rfd1 Rhd8 19. b3 Rd2 20. Rxd2 Rxd2 21. Ra2 Rd4 22. Kf2 Rb4 23. Rb2 Kd7 24. Ke3 Bd5 25. Nxd5 exd5 26. g3 Ke6 27. f4 h5 28. Kd3 a5 29. Kc3 Kf5 30. Rd2 Ke4 31. Re2+ Kf5 32. Rd2 1/2-1/2

[Event "Vojvodina-chT (Women) 29th"]
[Site "Novi Sad"]
[Date "2023.11.11"]
[Round "3.1"]
[White "Prudnikova, Svetlana"]
[Black "Vujnovic, Patricija"]
[Result "0-1"]
[WhiteElo "2120"]
[BlackElo "2068"]
[PlyCount "60"]
[EventDate "2023.11.09"]
[EventType "team-swiss"]
[EventRounds "5"]
[EventCountry "SRB"]
[SourceTitle "CB46_2023"]
[SourceDate "2023.11.15"]
[SourceVersion "1"]
[SourceVersionDate "2023.11.15"]
[SourceQuality "1"]
[WhiteTeam "Novi Banovci Omladinac (W)"]
[BlackTeam "Rastina Polet (W)"]
[WhiteTeamCountry "SRB"]
[BlackTeamCountry "SRB"]

1. Nf3 d5 2. d4 e6 3. c4 Nf6 4. g3 Bb4+ 5. Bd2 Be7 6. Bg2 c6 7. Qc2 Ne4 8. Be3 Nd7 9. 0-0 h5 10. h4 g5 11. hxg5 Nxg5 12. Nxg5 Bxg5 13. Bxg5 Qxg5 14. Nd2 h4 15. Nf3 Qg4 16. Nxh4 Nf6 17. e3 Rxh4 18. gxh4 Qxh4 19. f3 Bd7 20. Rf2 0-0-0 21. Kf1 Nh5 22. Ke2 Ng3+ 23. Kd3 dxc4+ 24. Kxc4 e5 25. Rd1 Nf5 26. Re2 Be6+ 27. Kb4 Nxe3 28. Rxe3 Rxd4+ 29. Kc3 Rc4+ 30. Kd3 Qd4+ 0-1

[Event "Hvar Arsenal blitz op 2nd"]
[Site "Hvar"]
[Date "2023.10.19"]
[Round "8"]
[White "Simunic, Krunoslav"]
[Black "Vujnovic, Patricija"]
[Result "0-1"]
[WhiteElo "1823"]
[BlackElo "2145"]
[PlyCount "61"]
[EventDate "2023.10.19"]
[EventType "swiss (blitz)"]
[EventRounds "11"]
[EventCountry "CRO"]
[SourceTitle "Mega2024 Update 01"]
[Source "Chessbase"]
[SourceDate "2023.11.12"]
[SourceVersion "1"]
[SourceVersionDate "2023.11.12"]
[SourceQuality "1"]

1. d4 d5 2. c4 e6 3. Nc3 c5 4. cxd5 cxd4 5. Qa4+ Bd7 6. Qxd4 exd5 7. Qxd5 Nf6 8. Qd1 Nc6 9. Nf3 Bc5 10. e3 0-0 11. h3 Qe7 12. Bd3 Rad8 13. Qe2 Rfe8 14. 0-0 Nb4 15. Bb1 Nbd5 16. Re1 Bc6 17. a3 Nxc3 18. bxc3 Ne4 19. Qc2 g6 20. Nd4 Bd7 21. Bb2 Qh4 22. c4 Bxh3 23. gxh3 Qxh3 24. Qxe4 Rxe4 25. Bxe4 Qg4+ 26. Bg2 h5 27. f3 Qg3 28. Re2 h4 29. Kf1 Kh7 30. Rf2 Re8 31. Ke2 0-1

[Event "Hvar Arsenal blitz op 2nd"]
[Site "Hvar"]
[Date "2023.10.19"]
[Round "1"]
[White "Vujnovic, Patricija"]
[Black "Omerkic, Ahmed"]
[Result "1-0"]
[WhiteElo "2145"]
[BlackElo "1942"]
[PlyCount "107"]
[EventDate "2023.10.19"]
[EventType "swiss (blitz)"]
[EventRounds "11"]
[EventCountry "CRO"]
[SourceTitle "Mega2024 Update 01"]
[Source "Chessbase"]
[SourceDate "2023.11.12"]
[SourceVersion "1"]
[SourceVersionDate "2023.11.12"]
[SourceQuality "1"]

1. d4 Nf6 2. Bf4 g6 3. Nf3 Bg7 4. e3 0-0 5. Be2 d6 6. h3 b6 7. 0-0 Bb7 8. c4 c5 9. d5 Nbd7 10. Nc3 Nh5 11. Bh2 h6 12. Qc2 Bc8 13. Nd2 Nhf6 14. Nf3 Nh7 15. e4 Ne5 16. Nxe5 dxe5 17. Bd3 g5 18. Ne2 Qd6 19. Ng3 Qg6 20. Nf5 Re8 21. Rfe1 Bf6 22. Bf1 h5 23. Rad1 g4 24. h4 Bxf5 25. exf5 Qg7 26. Bg3 Red8 27. Bd3 Nf8 28. Be4 Nd7 29. a3 Nb8 30. Rd3 Na6 31. Red1 Rd6 32. Qd2 Nc7 33. b4 Rb8 34. Rb3 Na6 35. Qe2 Qh6 36. b5 Nc7 37. a4 Ra8 38. Ra1 Rdd8 39. a5 Rab8 40. axb6 axb6 41. Rba3 Ne8 42. Ra7 Nd6 43. Kh2 Qg7 44. Rc7 Rb7 45. Rxb7 Nxb7 46. Ra7 Nd6 47. Bc2 Kh7 48. Qd3 Kg8 49. Bb3 e4 50. Qc2 Nxf5 51. Qxe4 Nxg3 52. fxg3 Qg6 53. Bc2 Qg7 54. Rb7 1-0

[Event "Hvar Arsenal blitz op 2nd"]
[Site "Hvar"]
[Date "2023.10.19"]
[Round "9"]
[White "Vujnovic, Patricija"]
[Black "Ramaj, Ergit"]
[Result "1-0"]
[WhiteElo "2145"]
[BlackElo "2024"]
[PlyCount "81"]
[EventDate "2023.10.19"]
[EventType "swiss (blitz)"]
[EventRounds "11"]
[EventCountry "CRO"]
[SourceTitle "Mega2024 Update 01"]
[Source "Chessbase"]
[SourceDate "2023.11.12"]
[SourceVersion "1"]
[SourceVersionDate "2023.11.12"]
[SourceQuality "1"]

1. d4 d5 2. Nc3 Nf6 3. Bg5 e6 4. e4 dxe4 5. Nxe4 Be7 6. Bxf6 gxf6 7. Nf3 b6 8. c3 Bb7 9. Bd3 f5 10. Ng3 Qd6 11. Qe2 Nd7 12. 0-0-0 0-0-0 13. Kb1 Rhe8 14. Rhe1 Qf4 15. Ba6 Nf6 16. Ne5 Rf8 17. Nxf7 Rde8 18. Qxe6+ Kb8 19. Bxb7 Kxb7 20. Ne5 Qxf2 21. Qc6+ Kb8 22. Rf1 Qe3 23. Nxf5 Qe2 24. Rde1 Qa6 25. Nxe7 Rxe7 26. Rxf6 Rxf6 27. Qxf6 Re8 28. Qc6 Rd8 29. Nd7+ Kc8 30. Ne5 Kb8 31. Qf6 Rc8 32. Rf1 Qb5 33. a3 a5 34. Qf7 Kb7 35. Qc4 Qe8 36. Qd5+ Ka6 37. Nc6 Qg6+ 38. Ka2 Qd3 39. Rf5 Ra8 40. Nb4+ axb4 41. Qxa8# 1-0

[Event "Hvar op"]
[Site "Hvar"]
[Date "2023.10.18"]
[Round "6"]
[White "Vujnovic, Patricija"]
[Black "Omerkic, Ahmed"]
[Result "1-0"]
[WhiteElo "2082"]
[BlackElo "1895"]
[PlyCount "145"]
[EventDate "2023.10.15"]
[EventType "swiss"]
[EventRounds "9"]
[EventCountry "CRO"]
[SourceTitle "Mega2024 Update 01"]
[Source "Chessbase"]
[SourceDate "2023.11.12"]
[SourceVersion "1"]
[SourceVersionDate "2023.11.12"]
[SourceQuality "1"]

1. d4 Nf6 2. Nc3 g6 3. e4 d6 4. f4 Bg4 5. Nf3 c6 6. Be2 Bg7 7. 0-0 0-0 8. Be3 Nbd7 9. e5 Ne8 10. h3 Bxf3 11. Bxf3 e6 12. Ne4 d5 13. Nf2 f5 14. Qd2 Rc8 15. Rfc1 Qe7 16. b3 Nc7 17. c4 Kh8 18. Rc2 a6 19. Rac1 Nb6 20. Qa5 Nd7 21. Nd3 Bh6 22. Qb4 Qxb4 23. Nxb4 Nb6 24. Nd3 Nd7 25. a4 a5 26. Bd2 Ra8 27. cxd5 exd5 28. Be3 Ne6 29. h4 Ra6 30. g3 Rb6 31. Rb1 Rb8 32. Kh2 Bf8 33. g4 Be7 34. Kg3 Rg8 35. Rh2 h6 36. Kf2 Rf8 37. h5 g5 38. gxf5 gxf4 39. fxe6 fxe3+ 40. Kxe3 Nb8 41. Ke2 Na6 42. Rg2 Bg5 43. Bg4 Nc7 44. Rf2 Rxf2+ 45. Kxf2 Ra6 46. Ke2 Ra8 47. Rf1 b5 48. Rf7 bxa4 49. bxa4 Ne8 50. Nc5 Rb8 51. Nb7 Ng7 52. Kd3 Kg8 53. Kc3 Re8 54. Nxa5 Nxe6 55. Bxe6 Rxe6 56. Ra7 c5 57. dxc5 Be3 58. Ra8+ Kg7 59. Nb3 Rxe5 60. a5 Re4 61. Kd3 Bf4 62. Nd4 Re3+ 63. Kc2 Kf6 64. a6 Be5 65. a7 Ra3 66. Rf8+ Ke7 67. a8Q Rxa8 68. Rxa8 Bxd4 69. c6 Kd6 70. Kd3 Bb6 71. Rh8 Kxc6 72. Rxh6+ Kc7 73. Rxb6 1-0

[Event "Gradiste op 3rd"]
[Site "Gradiste"]
[Date "2023.08.08"]
[Round "4"]
[White "Vukojevic, Toni"]
[Black "Vujnovic, Patricija"]
[Result "1/2-1/2"]
[WhiteElo "1713"]
[BlackElo "2104"]
[PlyCount "73"]
[EventDate "2023.08.06"]
[EventType "swiss"]
[EventRounds "9"]
[EventCountry "CRO"]
[SourceTitle "EXT 2024"]
[Source "ChessBase"]
[SourceDate "2023.10.10"]
[SourceVersion "1"]
[SourceVersionDate "2023.10.10"]
[SourceQuality "1"]

1. e4 c6 2. d4 d5 3. Nc3 dxe4 4. Nxe4 Bf5 5. Ng3 Bg6 6. Nf3 Nd7 7. Bc4 e6 8. 0-0 Ngf6 9. Re1 Be7 10. c3 Qc7 11. Bd3 Bxd3 12. Qxd3 0-0 13. Nf5 exf5 14. Rxe7 Qd6 15. Re1 Ne4 16. Nd2 Rae8 17. Nc4 Qc7 18. Bd2 b5 19. Ne3 f4 20. Nf5 Ndf6 21. f3 Nxd2 22. Qxd2 g6 23. Nh6+ Kg7 24. Ng4 Nd5 25. Rxe8 Rxe8 26. Re1 Qc8 27. b3 h5 28. Nf2 Re3 29. Nd1 Rxe1+ 30. Qxe1 Qe6 31. Qxe6 fxe6 32. c4 bxc4 33. bxc4 Nb6 34. Nb2 Kf6 35. a4 e5 36. a5 Nd7 37. d5 1/2-1/2

[Event "EU-ch Cities&Town (Women) op"]
[Site "Tornelo INT"]
[Date "2023.01.29"]
[Round "?"]
[White "Paja, Valdete"]
[Black "Vujnovic, Patricija"]
[Result "0-1"]
[WhiteElo "1257"]
[BlackElo "2130"]
[PlyCount "96"]
[EventDate "2023.01.29"]
[EventType "team-swiss"]
[EventRounds "9"]
[EventCountry "NET"]
[SourceTitle "CBM 212 Extra"]
[Source "ChessBase"]
[SourceDate "2023.03.31"]
[SourceVersion "1"]
[SourceVersionDate "2023.03.31"]
[SourceQuality "1"]
[WhiteTeam "Durres Teuta"]
[BlackTeam "Rijeka"]
[WhiteTeamCountry "ALB"]
[BlackTeamCountry "CRO"]

1. c4 e6 2. d4 d5 3. e3 Nf6 4. Nf3 Be7 5. a3 0-0 6. Be2 b6 7. 0-0 Bb7 8. h3 Nbd7 9. Nc3 c5 10. dxc5 Nxc5 11. cxd5 Nxd5 12. Nxd5 Bxd5 13. Bd2 Nb3 14. Rb1 Bxf3 15. Bxf3 Nxd2 16. Bxa8 Nxb1 17. Qxb1 Qxa8 18. Rd1 Rd8 19. Qc2 Rxd1+ 20. Qxd1 Qd8 21. Qc2 g6 22. b4 a5 23. bxa5 bxa5 24. a4 Kg7 25. Qc3+ Bf6 26. Qc6 Qd5 27. Qa6 Qd1+ 28. Qf1 Qxf1+ 29. Kxf1 Bc3 30. Ke2 Bb4 31. Kd3 Kf6 32. e4 Ke5 33. f3 h5 34. g3 g5 35. g4 hxg4 36. hxg4 Kf4 37. Ke2 Bc5 38. Kd3 Kxf3 39. e5 Kxg4 40. Kc4 Bb4 41. Kd4 Kf4 42. Kd3 g4 43. Ke2 g3 44. Kf1 Kf3 45. Kg1 Bc5+ 46. Kh1 g2+ 47. Kh2 g1Q+ 48. Kh3 Qg3# 0-1

[Event "Bosnjaci op 27th"]
[Site "Bosnjaci"]
[Date "2023.01.06"]
[Round "5"]
[White "Slobodjanac, Sinisa"]
[Black "Vujnovic, Patricija"]
[Result "0-1"]
[WhiteElo "1896"]
[BlackElo "2130"]
[PlyCount "58"]
[EventDate "2023.01.03"]
[EventType "swiss"]
[EventRounds "9"]
[EventCountry "CRO"]
[SourceTitle "CBM 212 Extra"]
[Source "ChessBase"]
[SourceDate "2023.03.31"]
[SourceVersion "1"]
[SourceVersionDate "2023.03.31"]
[SourceQuality "1"]

1. b4 e5 2. Bb2 d6 3. e3 Nf6 4. c4 Be7 5. Nc3 0-0 6. Qc2 Re8 7. Nf3 Bg4 8. Bd3 c6 9. h3 Bxf3 10. gxf3 Nbd7 11. Rg1 Nf8 12. Ne2 Nh5 13. Ng3 Nxg3 14. Rxg3 Bf6 15. Ke2 d5 16. Rag1 Qe7 17. f4 g6 18. Bxg6 fxg6 19. f5 Bg7 20. fxg6 hxg6 21. Rg5 Qxb4 22. R5g4 d4 23. a3 Qe7 24. Re4 Qf7 25. Qb3 Rad8 26. d3 b5 27. exd4 exd4 28. Rgg4 bxc4 29. dxc4 Rb8 0-1

[Event "CRO-ch (Women)"]
[Site "Buzin"]
[Date "2022.12.11"]
[Round "5"]
[White "Vujnovic, Patricija"]
[Black "Purkic, Ruza"]
[Result "1-0"]
[WhiteElo "2122"]
[BlackElo "1658"]
[PlyCount "103"]
[EventDate "2022.12.07"]
[EventType "tourn"]
[EventRounds "7"]
[EventCountry "CRO"]
[SourceTitle "CBM 212 Extra"]
[Source "ChessBase"]
[SourceDate "2023.03.31"]
[SourceVersion "1"]
[SourceVersionDate "2023.03.31"]
[SourceQuality "1"]

1. d4 Nf6 2. Nc3 c5 3. d5 d6 4. e4 g6 5. Bg5 Qb6 6. Qd2 Bg7 7. Bb5+ Bd7 8. a4 0-0 9. a5 Qd8 10. Bc4 Re8 11. Nge2 a6 12. f3 b5 13. axb6 Qxb6 14. Ra2 a5 15. Bh6 Na6 16. Bxg7 Kxg7 17. 0-0 Nb4 18. Ra3 e6 19. Nf4 exd5 20. Nfxd5 Nbxd5 21. Bxd5 c4+ 22. Kh1 Qxb2 23. Ra2 Qb4 24. Bxa8 Rxa8 25. Qd4 Qb8 26. Nd5 Qd8 27. g4 h6 28. Rd1 Be6 29. Nxf6 Qxf6 30. Qxf6+ Kxf6 31. Rxd6 Ke5 32. Rd1 a4 33. Kg2 Kf4 34. Ra3 h5 35. gxh5 gxh5 36. Kf2 Ra5 37. Rd4 Ra8 38. e5+ Kg5 39. Ke3 Ra5 40. f4+ Kg6 41. Rd6 Kf5 42. Rd8 Kg4 43. Rg8+ Kh4 44. Rg7 Ra7 45. Rg3 Bf5 46. Kd2 Be6 47. Kc3 Bf5 48. Rg5 Be4 49. Rg7 Bg6 50. e6 Re7 51. f5 Bxf5 52. exf7 1-0

[Event "AUT-chT (Women) 2223"]
[Site "Austria"]
[Date "2022.10.22"]
[Round "3.3"]
[White "Mihelic, Vesna"]
[Black "Vujnovic, Patricija"]
[Result "1/2-1/2"]
[WhiteElo "2033"]
[BlackElo "2104"]
[PlyCount "114"]
[EventDate "2022.10.21"]
[EventType "team-tourn"]
[EventRounds "9"]
[EventCountry "AUT"]
[SourceTitle "EXT 2024"]
[Source "ChessBase"]
[SourceDate "2023.10.10"]
[SourceVersion "1"]
[SourceVersionDate "2023.10.10"]
[SourceQuality "1"]
[WhiteTeam "Feffernitz (W)"]
[BlackTeam "Wulkaprodersdorf (W)"]
[WhiteTeamCountry "AUT"]
[BlackTeamCountry "AUT"]

1. e4 c6 2. d4 d5 3. exd5 cxd5 4. Bf4 Nc6 5. c3 Nf6 6. Bd3 Bg4 7. Qb3 Qc8 8. Nd2 e6 9. Ngf3 Be7 10. 0-0 Bh5 11. Ne5 Nxe5 12. dxe5 Nd7 13. Bb5 0-0 14. Bxd7 Qxd7 15. c4 d4 16. Ne4 Bg6 17. Nd6 b6 18. Qd1 d3 19. b4 Bxd6 20. exd6 Rac8 21. Rc1 f6 22. c5 e5 23. Be3 bxc5 24. bxc5 e4 25. f3 Rfe8 26. fxe4 Bxe4 27. Bd4 Rb8 28. Rf2 Qe6 29. Qd2 Qd5 30. Qc3 Bg6 31. Rd2 Kf7 32. Bf2 Be4 33. Bg3 Rbc8 34. Qb3 Qxb3 35. axb3 Ke6 36. b4 Red8 37. b5 a6 38. bxa6 Kd5 39. Bf2 Rxd6 40. Ra1 Rdd8 41. a7 Ra8 42. Rda2 f5 43. Ra6 d2 44. Rd1 Kc4 45. Rd6 Rxd6 46. cxd6 Kd3 47. d7 Rd8 48. Be1 Ke2 49. Rxd2+ Kxe1 50. Rd6 Ke2 51. h3 Ke3 52. Re6 Kd3 53. Re7 g6 54. Rxh7 Kd4 55. Re7 Kc5 56. Re8 Rxd7 57. Rxe4 Rxa7 1/2-1/2

[Event "Hvar Arsenal op"]
[Site "Hvar"]
[Date "2022.10.12"]
[Round "6"]
[White "Plenkovic, Zdenko"]
[Black "Vujnovic, Patricija"]
[Result "0-1"]
[WhiteElo "2367"]
[BlackElo "2104"]
[PlyCount "52"]
[EventDate "2022.10.08"]
[EventType "swiss"]
[EventRounds "9"]
[EventCountry "CRO"]
[SourceTitle "CBM 210 Extra"]
[Source "ChessBase"]
[SourceDate "2022.11.30"]
[SourceVersion "1"]
[SourceVersionDate "2022.11.30"]
[SourceQuality "1"]

1. e4 c6 2. d4 d5 3. e5 c5 4. dxc5 e6 5. Nf3 Bxc5 6. a3 Nc6 7. b4 Be7 8. b5 Na5 9. Nbd2 Bc5 10. Bd3 Ne7 11. 0-0 Ng6 12. Nb3 Nxb3 13. cxb3 Bd7 14. b4 Be7 15. g3 0-0 16. Qe2 f6 17. Bb2 Rc8 18. Qe3 Qe8 19. Qe2 Qf7 20. Bd4 fxe5 21. Nxe5 Nxe5 22. Qxe5 Bf6 23. Qe3 e5 24. Bxe5 Bxe5 25. Qxe5 Bh3 26. Qd4 Qf3 0-1

[Event "Hvar Arsenal op"]
[Site "Hvar"]
[Date "2022.10.12"]
[Round "7"]
[White "Vujnovic, Patricija"]
[Black "Saric, Ante"]
[Result "0-1"]
[WhiteElo "2104"]
[BlackElo "2510"]
[PlyCount "70"]
[EventDate "2022.10.08"]
[EventType "swiss"]
[EventRounds "9"]
[EventCountry "CRO"]
[SourceTitle "CBM 210 Extra"]
[Source "ChessBase"]
[SourceDate "2022.11.30"]
[SourceVersion "1"]
[SourceVersionDate "2022.11.30"]
[SourceQuality "1"]

1. d4 Nf6 2. c4 e6 3. Nc3 Bb4 4. e3 0-0 5. Bd3 d5 6. a3 Bxc3+ 7. bxc3 dxc4 8. Bxc4 c5 9. Ne2 Qc7 10. Bd3 e5 11. 0-0 e4 12. Bb1 Nc6 13. Ng3 Re8 14. a4 Na5 15. Ba3 b6 16. Qe2 Bd7 17. Ba2 Bxa4 18. f3 Bb3 19. fxe4 Bxa2 20. Rxa2 Nxe4 21. Nf5 Nd6 22. Nxd6 Qxd6 23. dxc5 Qe6 24. cxb6 axb6 25. Bb4 Nc4 26. Rxa8 Rxa8 27. e4 Re8 28. Ra1 f5 29. e5 Nxe5 30. h3 f4 31. Re1 Nf3+ 32. Qxf3 Qxe1+ 33. Kh2 Qe3 34. Qg4 h5 35. Qg5 Qe5 0-1

[Event "Hvar Arsenal blitz op"]
[Site "Hvar"]
[Date "2022.10.11"]
[Round "10"]
[White "Vujnovic, Patricija"]
[Black "Ljubicic, Mario"]
[Result "0-1"]
[WhiteElo "2084"]
[BlackElo "1966"]
[PlyCount "58"]
[EventDate "2022.10.11"]
[EventType "swiss (blitz)"]
[EventRounds "11"]
[EventCountry "CRO"]
[SourceTitle "CBM 210 Extra"]
[Source "ChessBase"]
[SourceDate "2022.11.30"]
[SourceVersion "1"]
[SourceVersionDate "2022.11.30"]
[SourceQuality "1"]

1. d4 Nf6 2. Nc3 g6 3. e4 Bg7 4. e5 Ng8 5. Bc4 d6 6. Qf3 e6 7. Bf4 d5 8. Bd3 Bd7 9. h4 h6 10. g4 Qe7 11. Nce2 Nc6 12. c3 Na5 13. Nh3 c5 14. Be3 b6 15. Nhf4 Bc6 16. Kf1 Rc8 17. Kg2 Nc4 18. b3 cxd4 19. cxd4 Nxe5 20. dxe5 d4 21. Be4 Bxe4 22. Qxe4 dxe3 23. Qxe3 Qb7+ 24. Kg3 Ne7 25. Rac1 h5 26. Rxc8+ Qxc8 27. Rc1 Qb7 28. Qd4 hxg4 29. Qc4 Qf3+ 0-1

[Event "Hvar Arsenal op"]
[Site "Hvar"]
[Date "2022.10.10"]
[Round "4"]
[White "Vujnovic, Patricija"]
[Black "Zinnecker, Rupert"]
[Result "1-0"]
[WhiteElo "2104"]
[BlackElo "2000"]
[PlyCount "29"]
[EventDate "2022.10.08"]
[EventType "swiss"]
[EventRounds "9"]
[EventCountry "CRO"]
[SourceTitle "CBM 210 Extra"]
[Source "ChessBase"]
[SourceDate "2022.11.30"]
[SourceVersion "1"]
[SourceVersionDate "2022.11.30"]
[SourceQuality "1"]

1. d4 d5 2. c4 e6 3. Nc3 a6 4. cxd5 exd5 5. Bf4 Nf6 6. e3 Be6 7. Nf3 Nbd7 8. Qb3 Nb6 9. Be2 Rc8 10. a4 Nh5 11. Be5 f6 12. Ng5 fxe5 13. Bxh5+ g6 14. Nxe6 Qf6 15. Bg4 1-0

[Event "Hvar Arsenal op"]
[Site "Hvar"]
[Date "2022.10.09"]
[Round "3"]
[White "Tomljanovic, Ivano"]
[Black "Vujnovic, Patricija"]
[Result "1/2-1/2"]
[WhiteElo "1811"]
[BlackElo "2104"]
[PlyCount "58"]
[EventDate "2022.10.08"]
[EventType "swiss"]
[EventRounds "9"]
[EventCountry "CRO"]
[SourceTitle "CBM 210 Extra"]
[Source "ChessBase"]
[SourceDate "2022.11.30"]
[SourceVersion "1"]
[SourceVersionDate "2022.11.30"]
[SourceQuality "1"]

1. d4 d5 2. Bf4 Nf6 3. Nf3 e6 4. e3 Bd6 5. Bg3 c5 6. c3 Qc7 7. Bxd6 Qxd6 8. Ne5 0-0 9. Nd2 Nfd7 10. Nxd7 Nxd7 11. Nf3 e5 12. dxe5 Nxe5 13. Nxe5 Qxe5 14. Be2 Be6 15. 0-0 Rfd8 16. Re1 a6 17. Rc1 Rd7 18. Bg4 Rad8 19. Bxe6 Qxe6 20. b3 g6 21. Qf3 Qe4 22. Red1 Qxf3 23. gxf3 Kg7 24. Rd2 Kf6 25. Rcd1 Ke6 26. Kf1 b5 27. Ke2 a5 28. a3 f5 29. f4 Rd6 1/2-1/2

[Event "CRO-chT (Women) 30th"]
[Site "Porec"]
[Date "2022.10.01"]
[Round "9.1"]
[White "Blazeka, Mihaela"]
[Black "Vujnovic, Patricija"]
[Result "1-0"]
[WhiteElo "1967"]
[BlackElo "2104"]
[PlyCount "171"]
[EventDate "2022.09.24"]
[EventType "team-tourn"]
[EventRounds "9"]
[EventCountry "CRO"]
[SourceTitle "CBM 210 Extra"]
[Source "ChessBase"]
[SourceDate "2022.11.30"]
[SourceVersion "1"]
[SourceVersionDate "2022.11.30"]
[SourceQuality "1"]
[WhiteTeam "Zagreb Mladost (W)"]
[BlackTeam "Rijeka Liburnija (W)"]
[WhiteTeamCountry "CRO"]
[BlackTeamCountry "CRO"]

1. d4 g6 2. c4 c6 3. e4 d5 4. cxd5 cxd5 5. e5 Bg7 6. f4 h5 7. Nc3 Nc6 8. Nf3 Bg4 9. Be2 Bxf3 10. Bxf3 e6 11. Be3 Nh6 12. Qd2 Nf5 13. 0-0 Rc8 14. Bf2 Bf8 15. Be2 Nfxd4 16. Bd3 Nf5 17. a3 Be7 18. Rac1 Kf8 19. b4 Kg7 20. Bxf5 gxf5 21. Na4 b6 22. Rc3 Qd7 23. Rfc1 Nb8 24. Qd1 Rxc3 25. Rxc3 h4 26. Qc2 Na6 27. Rh3 Qc7 28. Nc3 Qc4 29. Qd2 Nc7 30. Ne2 Nb5 31. a4 Bxb4 32. Qb2 Na3 33. Bxh4 Rxh4 34. Rxh4 Bc5+ 35. Kh1 Nc2 36. Qc3 Qxc3 37. Nxc3 d4 38. Nd1 Nb4 39. Rh3 Nd5 40. Rf3 Ne3 41. Nb2 Nd5 42. g3 Nc3 43. Rd3 f6 44. exf6+ Kxf6 45. Kg2 a6 46. Kf3 e5 47. fxe5+ Kxe5 48. h4 Kf6 49. Rd2 Ne4 50. Rd1 Nc3 51. Rh1 Ba3 52. Nd3 Bf8 53. h5 Bh6 54. Rh4 Ne4 55. Nf4 b5 56. axb5 axb5 57. Nd3 Ng5+ 58. Kg2 Ne6 59. Rh1 Kg5 60. Ne5 Kf6 61. Nf3 d3 62. Rd1 d2 63. Nxd2 Kg5 64. Rh1 f4 65. Ne4+ Kf5 66. Nd6+ Kf6 67. Nxb5 fxg3 68. Kxg3 Ng7 69. Nd6 Ke6 70. Ne4 Ke5 71. Nf2 Kf5 72. Ng4 Bf4+ 73. Kf3 Ne6 74. Nf2 Bh6 75. Ra1 Nd4+ 76. Kg3 Ne2+ 77. Kf3 Nd4+ 78. Kg2 Kg5 79. Ra5+ Nf5 80. Ne4+ Kf4 81. Nf6 Ne3+ 82. Kh3 Nf5 83. Ng4 Bg5 84. Ra4+ Kf3 85. Ra6 Ng7 86. Rg6 1-0

[Event "CRO-chT (Women) 30th"]
[Site "Porec"]
[Date "2022.09.30"]
[Round "8.3"]
[White "Vujnovic, Patricija"]
[Black "Trgovac, Mira"]
[Result "1-0"]
[WhiteElo "2104"]
[BlackElo "1639"]
[PlyCount "161"]
[EventDate "2022.09.24"]
[EventType "team-tourn"]
[EventRounds "9"]
[EventCountry "CRO"]
[SourceTitle "CBM 210 Extra"]
[Source "ChessBase"]
[SourceDate "2022.11.30"]
[SourceVersion "1"]
[SourceVersionDate "2022.11.30"]
[SourceQuality "1"]
[WhiteTeam "Rijeka Liburnija (W)"]
[BlackTeam "Busevec Polet (W)"]
[WhiteTeamCountry "CRO"]
[BlackTeamCountry "CRO"]

1. d4 d5 2. c4 e6 3. Nc3 Nf6 4. cxd5 exd5 5. Bg5 Be7 6. e3 c6 7. Bd3 Bg4 8. f3 Bh5 9. Nge2 Nbd7 10. 0-0 Bg6 11. Bh4 0-0 12. Bxg6 hxg6 13. Bf2 Re8 14. h3 Bd6 15. Qd3 Be7 16. e4 Nf8 17. e5 N6h7 18. f4 Qd7 19. g4 f5 20. Qf3 Bd8 21. Ng3 Re7 22. Kh2 Rf7 23. Be3 Rc8 24. Rad1 Qe7 25. a3 Ne6 26. Rc1 Rc7 27. Rc2 Rd7 28. b4 Bb6 29. Rd1 a6 30. Na4 Ba7 31. Rf2 Rf8 32. Qe2 Qd8 33. Qd3 Rdf7 34. Rdf1 Qe7 35. Nc5 Bxc5 36. dxc5 Nc7 37. Kg2 Qe6 38. g5 Qd7 39. Ne2 Ne6 40. Bd4 Re8 41. h4 Nhf8 42. Rh1 Qe7 43. Kg3 Qd8 44. Rfh2 Qc8 45. Kf2 Nxd4 46. Nxd4 Ne6 47. Ne2 Kf8 48. h5 Ke7 49. hxg6 Rff8 50. Rh7 Kd8 51. R1h4 Re7 52. Rh8 Ree8 53. R8h7 Re7 54. Qh3 Qd7 55. Qd3 Qe8 56. Ng3 Qxg6 57. Rh8 Ree8 58. Rxf8 Rxf8 59. a4 Qf7 60. Ne2 g6 61. Qh3 Rg8 62. Rh7 Rg7 63. Rh8+ Rg8 64. Qh7 Qxh7 65. Rxh7 Rg7 66. Rh8+ Kd7 67. Ke3 Re7 68. Nd4 Nxd4 69. Kxd4 Ke6 70. Rh1 Rg7 71. b5 axb5 72. axb5 Rc7 73. Rh6 Rg7 74. Rh8 Rc7 75. Rg8 Kf7 76. Rd8 Ke7 77. Rd6 Kf7 78. e6+ Ke7 79. b6 Rc8 80. Rd7+ Ke8 81. Rxb7 1-0